[Event "UKR-POL U26"]
[Site "Lvov"]
[Date "2013.09.27"]
[Round "3"]
[White "Matseyko, Maxim"]
[Black "Graczyk, Konrad"]
[Result "1/2-1/2"]
[WhiteElo "2134"]
[BlackElo "1903"]
[PlyCount "65"]
[EventDate "2013.09.26"]
[EventType "team-swiss"]
[EventRounds "5"]
[EventCountry "UKR"]
[SourceTitle "CBM 156 Extra"]
[Source "ChessBase"]
[SourceDate "2013.10.22"]
[SourceVersion "1"]
[SourceVersionDate "2013.10.22"]
[SourceQuality "1"]
[WhiteTeam "Lvov Polytechnic Univ"]
[BlackTeam "Katowice Silesia Univ"]
[WhiteTeamCountry "UKR"]
[BlackTeamCountry "POL"]

1. e4 e6 2. d4 d5 3. exd5 exd5 4. Bd3 Bd6 5. Nf3 Bg4 6. Be3 Nd7 7. Nbd2 c6 8. c3 Qc7 9. Qc2 Ne7 10. h3 Bh5 11. Nh4 0-0-0 12. 0-0 Bf4 13. Bxf4 Qxf4 14. g3 Qh6 15. Kg2 g5 16. Nf5 Nxf5 17. Bxf5 Bg6 18. Nf3 Kb8 19. h4 gxh4 20. Nxh4 Rhg8 21. Rh1 Qg5 22. Nxg6 hxg6 23. Bxd7 Rxd7 24. Rae1 Re7 25. Rxe7 Qxe7 26. Qd2 Re8 27. Qf4+ Qc7 28. Qf6 Qe7 29. Qf4+ Qc7 30. Qf6 Qe7 31. Qxe7 Rxe7 32. Kf3 Kc7 33. Rh8 1/2-1/2

[Event "Polanica Zdroj op-B 45th"]
[Site "Polanica Zdroj"]
[Date "2009.08.25"]
[Round "8"]
[White "Graczyk, Konrad"]
[Black "Korcz, Daniel"]
[Result "1/2-1/2"]
[WhiteElo "1907"]
[BlackElo "1743"]
[PlyCount "53"]
[EventDate "2009.08.18"]
[EventType "swiss"]
[EventRounds "10"]
[EventCountry "POL"]
[SourceTitle "CBM 131 Extra"]
[Source "ChessBase"]
[SourceDate "2009.09.03"]
[SourceVersion "2"]
[SourceVersionDate "2009.09.16"]
[SourceQuality "1"]

1. d4 Nf6 2. Nf3 g6 3. g3 Bg7 4. Bg2 0-0 5. 0-0 d5 6. Bf4 Nbd7 7. Nbd2 Nh5 8. Rc1 Nxf4 9. gxf4 Nf6 10. c4 c6 11. Qb3 Qb6 12. Qxb6 axb6 13. a3 Bg4 14. Rfe1 e6 15. Ne5 Bh5 16. Rc3 Rfd8 17. e3 dxc4 18. Rxc4 b5 19. Rc2 Nd5 20. Bxd5 exd5 21. h3 f6 22. Nd3 g5 23. fxg5 fxg5 24. Nc5 Ra7 25. Ne6 Rd6 26. Nxg7 Kxg7 27. Rec1 1/2-1/2

[Event "POL-chT 2nd League"]
[Site "Ustron"]
[Date "2008.09.14"]
[Round "8.73"]
[White "Sygulski, Boguslaw"]
[Black "Graczyk, Konrad"]
[Result "1/2-1/2"]
[WhiteElo "2242"]
[BlackElo "1907"]
[PlyCount "31"]
[EventDate "2008.09.06"]
[EventType "team-swiss"]
[EventRounds "9"]
[EventCountry "POL"]
[SourceTitle "EXT 2015"]
[Source "ChessBase"]
[SourceDate "2014.11.20"]
[SourceVersion "1"]
[SourceVersionDate "2014.11.20"]
[SourceQuality "1"]
[WhiteTeam "Pilzno GKSz Hetman"]
[BlackTeam "Katowice Hetman Szopienice II"]
[WhiteTeamCountry "POL"]
[BlackTeamCountry "POL"]

1. e4 e6 2. d4 d5 3. e5 c5 4. c3 Nc6 5. Nf3 Qb6 6. a3 c4 7. Nbd2 Na5 8. Be2 Bd7 9. 0-0 0-0-0 10. Ng5 Nh6 11. Qc2 Be7 12. Ndf3 Nb3 13. Rb1 f6 14. Nh3 Nf7 15. Bf4 Rdg8 16. exf6 1/2-1/2

[Event "Tarnowskie Gory Piasta Memorial 5th"]
[Site "Tarnowskie Gory"]
[Date "2007.08.22"]
[Round "4"]
[White "Graczyk, Konrad"]
[Black "Bieninda, Detlev"]
[Result "0-1"]
[WhiteElo "1884"]
[BlackElo "2058"]
[PlyCount "84"]
[EventDate "2007.07.28"]
[EventType "swiss"]
[EventRounds "10"]
[EventCountry "POL"]
[SourceTitle "EXT 2011"]
[Source "ChessBase"]
[SourceDate "2010.11.26"]
[SourceVersion "1"]
[SourceVersionDate "2010.11.26"]
[SourceQuality "1"]

1. d4 Nf6 2. c4 c5 3. e3 d5 4. cxd5 cxd4 5. exd4 Nxd5 6. Nc3 Nc6 7. Bc4 e6 8. Nf3 Be7 9. 0-0 0-0 10. Bxd5 exd5 11. Bf4 Bg4 12. Kh1 Bf6 13. Be3 Qd7 14. h3 Bh5 15. Ne5 Nxe5 16. Qxh5 g6 17. Qe2 Nc4 18. Qf3 Bg7 19. Nxd5 Nxe3 20. fxe3 f5 21. Rac1 Rac8 22. Nf4 Rfe8 23. Rc3 Rxc3 24. bxc3 Qc6 25. Nd5 Kh8 26. Rc1 b5 27. Kg1 Bh6 28. Kf2 Re4 29. Nb4 Qc4 30. Re1 Qxc3 31. Nd5 Qc6 32. Nb4 Qc4 33. a3 Bf8 34. g4 Qe6 35. gxf5 gxf5 36. Nc2 Be7 37. Qh5 Bh4+ 38. Kf1 Bxe1 39. Kxe1 f4 40. Qg4 Qxg4 41. hxg4 fxe3 42. Ke2 Rxg4 0-1

[Event "POL-chT3 U19 Slaska"]
[Site "Slask"]
[Date "2007.05.20"]
[Round "11.7"]
[White "Graczyk, Konrad"]
[Black "Paluch, Antoni"]
[Result "1-0"]
[WhiteElo "1723"]
[BlackElo "1659"]
[PlyCount "90"]
[EventDate "2007.01.27"]
[EventType "team-tourn"]
[EventRounds "11"]
[EventCountry "POL"]
[SourceTitle "EXT 2019"]
[Source "ChessBase"]
[SourceDate "2018.10.10"]
[SourceVersion "1"]
[SourceVersionDate "2018.10.10"]
[SourceQuality "1"]
[WhiteTeam "Czestochowa UKS Hetman U19 II"]
[BlackTeam "Imielin MKSz Diagonalia U19"]
[WhiteTeamCountry "POL"]
[BlackTeamCountry "POL"]

1. d4 e6 2. c4 d5 3. Nc3 c6 4. Nf3 Nf6 5. Bg5 Nbd7 6. e3 Be7 7. cxd5 exd5 8. Bd3 h6 9. Bxf6 Nxf6 10. Ne5 0-0 11. 0-0 Bd6 12. f4 Qe7 13. a3 Ng4 14. Nxg4 Bxg4 15. Qd2 f5 16. Be2 Bxe2 17. Qxe2 Rae8 18. Rae1 Rf6 19. Qd2 Qf7 20. Na2 Qh5 21. Nc1 g5 22. Nd3 gxf4 23. Nxf4 Qh4 24. Rf3 Kf7 25. Rh3 Qg5 26. Rf1 Bxf4 27. Rxf4 Rg6 28. Qf2 Rf6 29. Qf3 Qg6 30. Rg3 Qh7 31. Qh5+ Ke7 32. Rgf3 Ref8 33. Qh4 Ke6 34. Kh1 h5 35. g4 R6f7 36. gxh5 Rh8 37. Rh3 Rg7 38. Qf2 Rg5 39. Rfh4 Rhg8 40. Rg3 b6 41. Qf4 Rg4 42. Rhxg4 fxg4 43. Rxg4 Qb1+ 44. Kg2 Qc2+ 45. Kh3 Rh8 1-0

[Event "POL-chT3 U19 Slaska"]
[Site "Slask"]
[Date "2007.04.22"]
[Round "7.19"]
[White "Graczyk, Konrad"]
[Black "Wandzik, Wojciech"]
[Result "0-1"]
[WhiteElo "1723"]
[BlackElo "1945"]
[PlyCount "110"]
[EventDate "2007.01.27"]
[EventType "team-tourn"]
[EventRounds "11"]
[EventCountry "POL"]
[SourceTitle "EXT 2019"]
[Source "ChessBase"]
[SourceDate "2018.10.10"]
[SourceVersion "1"]
[SourceVersionDate "2018.10.10"]
[SourceQuality "1"]
[WhiteTeam "Czestochowa UKS Hetman U19 II"]
[BlackTeam "Gliwice Politechnika Slaska U19 II"]
[WhiteTeamCountry "POL"]
[BlackTeamCountry "POL"]

1. d4 d5 2. e3 Nf6 3. f4 Bg4 4. Nf3 e6 5. Be2 Bd6 6. 0-0 0-0 7. Qe1 c5 8. c3 Nc6 9. Bd3 Bf5 10. Bxf5 exf5 11. Ne5 Ne4 12. Nd2 f6 13. Nd3 b6 14. Qe2 Re8 15. Nxe4 Rxe4 16. Qc2 Qd7 17. Bd2 Rae8 18. Rae1 Bf8 19. Nf2 R4e7 20. Kh1 g6 21. Rg1 Bg7 22. Qb1 Na5 23. b3 Nb7 24. Rd1 Nd6 25. Qc2 Qc6 26. Rc1 a5 27. Qd1 a4 28. Qf3 axb3 29. axb3 c4 30. b4 Ra8 31. Ra1 Rea7 32. Rxa7 Rxa7 33. Re1 Ra2 34. Re2 Nb5 35. h3 Bf8 36. Kh2 Kf7 37. g4 fxg4 38. Nxg4 h5 39. Nf2 f5 40. Be1 Ra1 41. h4 Be7 42. Kg3 Rc1 43. Bd2 Ra1 44. Nh3 Ra3 45. Be1 Nxc3 46. Bxc3 Rxc3 47. Ra2 Rb3 48. Ra7 c3 49. Rc7 Qxc7 50. Qxd5+ Kg7 51. Qxb3 c2 52. Ng5 Bxg5 53. hxg5 c1Q 54. Qe6 Qg1+ 55. Kf3 Qg4+ 0-1

[Event "POL-ch U16"]
[Site "Leba"]
[Date "2007.04.01"]
[Round "11"]
[White "Graczyk, Konrad"]
[Black "Buzun, Michal"]
[Result "1/2-1/2"]
[WhiteElo "1723"]
[BlackElo "1860"]
[PlyCount "56"]
[EventDate "2007.03.24"]
[EventType "swiss"]
[EventRounds "11"]
[EventCountry "POL"]
[SourceTitle "EXT 2011"]
[Source "ChessBase"]
[SourceDate "2010.11.26"]
[SourceVersion "1"]
[SourceVersionDate "2010.11.26"]
[SourceQuality "1"]

1. d4 d5 2. c4 dxc4 3. e4 e5 4. d5 Nd7 5. Bxc4 Ngf6 6. Nc3 Bb4 7. Qc2 0-0 8. Nge2 Nc5 9. Ng3 h6 10. 0-0 Bxc3 11. bxc3 a6 12. Ba3 Qd6 13. h3 Re8 14. Rae1 b5 15. Be2 Qb6 16. c4 b4 17. Bb2 Bd7 18. Kh2 a5 19. f4 Ba4 20. Qb1 exf4 21. Rxf4 Ncd7 22. Bd3 Ne5 23. Ref1 Bd7 24. Nf5 Bxf5 25. Rxf5 Qd6 26. Kh1 Nfd7 27. Qd1 a4 28. Bd4 Nc5 1/2-1/2

[Event "POL-ch U16"]
[Site "Leba"]
[Date "2007.03.31"]
[Round "10"]
[White "Smola, Michal"]
[Black "Graczyk, Konrad"]
[Result "1-0"]
[WhiteElo "2063"]
[BlackElo "1723"]
[PlyCount "91"]
[EventDate "2007.03.24"]
[EventType "swiss"]
[EventRounds "11"]
[EventCountry "POL"]
[SourceTitle "EXT 2011"]
[Source "ChessBase"]
[SourceDate "2010.11.26"]
[SourceVersion "1"]
[SourceVersionDate "2010.11.26"]
[SourceQuality "1"]

1. e4 e6 2. d4 d5 3. Nd2 dxe4 4. Nxe4 Nd7 5. Nf3 Ngf6 6. Nxf6+ Nxf6 7. Bd3 b6 8. Ne5 Bd7 9. Bg5 Be7 10. c3 Nd5 11. Bxe7 Qxe7 12. Be4 Rd8 13. Qf3 Nf6 14. Bc6 0-0 15. Bxd7 Rxd7 16. Nxd7 Qxd7 17. 0-0 Rd8 18. Rad1 Qd6 19. Rfe1 h5 20. h3 c6 21. Re5 Qe7 22. Qxc6 Nd5 23. c4 Nb4 24. Qa4 Qd6 25. Rxh5 Nc6 26. d5 g6 27. Rh4 e5 28. Rh6 Nd4 29. Rh4 Qf6 30. Re4 Qf5 31. Rde1 Qg5 32. Kh1 Kg7 33. Rxe5 Qd2 34. Qa3 Nc2 35. Qc3 Qxc3 36. bxc3 Nxe1 37. Rxe1 Rc8 38. Re4 Kf6 39. f3 Rc5 40. Kh2 b5 41. cxb5 Rxc3 42. Ra4 Rc7 43. Ra6+ Ke5 44. d6 Rd7 45. a4 Kd5 46. Kg3 1-0

[Event "POL-ch U16"]
[Site "Leba"]
[Date "2007.03.24"]
[Round "1"]
[White "Scibior, Adam"]
[Black "Graczyk, Konrad"]
[Result "1-0"]
[WhiteElo "2017"]
[BlackElo "1723"]
[PlyCount "129"]
[EventDate "2007.03.24"]
[EventType "swiss"]
[EventRounds "11"]
[EventCountry "POL"]
[SourceTitle "EXT 2011"]
[Source "ChessBase"]
[SourceDate "2010.11.26"]
[SourceVersion "1"]
[SourceVersionDate "2010.11.26"]
[SourceQuality "1"]

1. Nf3 d5 2. d4 e6 3. c4 c6 4. Nc3 f5 5. Bf4 Nf6 6. e3 Be7 7. Bd3 0-0 8. 0-0 Ne4 9. Bxe4 fxe4 10. Ne5 Nd7 11. f3 Nxe5 12. Bxe5 exf3 13. Rxf3 Bf6 14. Bxf6 Rxf6 15. c5 Qe7 16. e4 Bd7 17. Qe2 Rxf3 18. Qxf3 Rf8 19. Qd3 Qf6 20. Rf1 Qg5 21. Rxf8+ Kxf8 22. Ne2 Be8 23. Qf3+ Ke7 24. exd5 exd5 25. Nf4 Bg6 26. g3 Qf6 27. Qe3+ Be4 28. h4 Kd7 29. Nh3 h6 30. Nf2 Qf3 31. Qxf3 Bxf3 32. Nd3 Be2 33. Ne5+ Ke6 34. Kf2 Bh5 35. g4 Be8 36. Kg3 g6 37. Kf4 Kf6 38. Nf3 Ke6 39. b4 Bf7 40. Nd2 Be8 41. Nb3 Bd7 42. Na5 Bc8 43. g5 h5 44. a3 a6 45. a4 Kf7 46. Ke5 Ke7 47. b5 axb5 48. axb5 cxb5 49. Kxd5 b4 50. Ke5 Bf5 51. d5 Kd7 52. Kd4 Kc7 53. Kc4 Be4 54. d6+ Kd7 55. Kxb4 b6 56. Nc4 bxc5+ 57. Kxc5 Bf5 58. Nb6+ Kd8 59. Kd5 Bd3 60. Ke5 Bc2 61. Kf6 Bd3 62. Nd5 Kd7 63. Nf4 Bc2 64. Nxg6 Kxd6 65. Nf4 1-0

[Event "POL-chT3 Liga Slaska"]
[Site "Poland"]
[Date "2007.02.11"]
[Round "4"]
[White "Grygierczyk, Wojciech"]
[Black "Graczyk, Konrad"]
[Result "1-0"]
[WhiteElo "1736"]
[BlackElo "1723"]
[PlyCount "65"]
[EventDate "2007.01.28"]
[EventType "team-swiss"]
[EventRounds "9"]
[EventCountry "POL"]
[SourceTitle "EXT 2011"]
[Source "ChessBase"]
[SourceDate "2010.11.26"]
[SourceVersion "1"]
[SourceVersionDate "2010.11.26"]
[SourceQuality "1"]
[WhiteTeam "Katowice UKS Palac Mlodziezy"]
[BlackTeam "Czestochowa UKS Hetman"]
[WhiteTeamCountry "POL"]
[BlackTeamCountry "POL"]

1. e4 e6 2. d4 d5 3. Nd2 Nf6 4. e5 Nfd7 5. f4 c5 6. c3 Nc6 7. Ndf3 cxd4 8. cxd4 Bb4+ 9. Bd2 Qa5 10. Ne2 Bxd2+ 11. Qxd2 Nb6 12. Nc3 Nc4 13. Bxc4 dxc4 14. 0-0 b5 15. Qf2 Ne7 16. Ne4 Rf8 17. Nd6+ Kd7 18. a4 bxa4 19. Nd2 Ba6 20. N2e4 Nc8 21. Nc5+ Kc7 22. Rxa4 Qxa4 23. Nxa4 Nxd6 24. exd6+ Kxd6 25. Nc5 Bb5 26. f5 c3 27. Re1 cxb2 28. Qxb2 Rab8 29. Qf2 Bc4 30. Qf4+ Kc6 31. Rc1 g5 32. Qd2 Kd5 33. Nd7 1-0